| 000 | 00598nam a2200181 a 4500 | ||
|---|---|---|---|
| 005 | 20140412111317.0 | ||
| 008 | 060117s19uu xx 00 eng d | ||
| 020 | _a0-517-02567-1 | ||
| 050 |
_aER _bFa272 1990 |
||
| 100 | _aArnsteen, Katy Keck | ||
| 245 |
_aFavorite Fairy Tales : _bFind the hidden object in each fairytale / _cKaty Keck Arnsteen. |
||
| 260 |
_aU.S.A : _bDerrydale books, _c1990. |
||
| 440 | _aA hide and seek book | ||
| 520 | _aA discovery book featuring fairy tales and hidden cluesfor the reader to find it | ||
| 650 | _aFairy tales | ||
| 650 | _aFolklore | ||
| 999 |
_c104252 _d104252 |
||